| 000 | 00857nam a22002537a 4500 | ||
|---|---|---|---|
| 005 | 20170124103009.0 | ||
| 010 | _a146552 | ||
| 020 | _c00.00 | ||
| 035 | _a146552 | ||
| 037 | _bCen Lib/Ret | ||
| 040 |
_aDPL _bHN |
||
| 082 |
_aउ _bभटना |
||
| 100 |
_aभटनागर, रामरतन _957162 |
||
| 245 |
_aजय वासुदेव / _cरामरतन भटनागर |
||
| 246 |
_aJai vasudev / _bby Ramratan Bhatanagar |
||
| 260 |
_aइलाहाबाद _bकिताब महल _c1959 |
||
| 270 | _bइलाहाबाद | ||
| 300 |
_a172पृ. _c17सेमी (सजिल्द) |
||
| 650 |
_aहिन्दी साहित्य _957163 |
||
| 650 |
_aउपन्यास _957164 |
||
| 650 |
_aHindi literature _957165 |
||
| 650 |
_aFiction _98901 |
||
| 942 |
_2ddc _cHN _hउ _mभटना |
||
| 999 |
_c114524 _d114524 |
||